000 00604nam a2200205Ia 4500
005 20250508170129.0
008 008 250505s9999 xx 000 0 eng d
020 _a978-81-321-0889-4
037 _aTextual
040 _aFEDL
_beng
_cFEDL
041 _aeng
_2eng
084 _a153.35, NIR
_qFEDL
100 _aNirpharake Ashok
_9783151
245 0 _aBe creative: A workbook to develop general creativity
260 _aPune, India
_bEducational Activities Research Center
_c2008
300 _a144p.
365 _aINR
_b150
942 _cTEXL
_h153.35, NIR
999 _c1399365
_d1399365